A primeira viagem à Índia pela rota do Cabo (Registo nº 1142)

Detalhes MARC
000 -Etiqueta do registo
Cabeçalho 00994cam a2200301 i 4500
005 - Identificador da versão
Campo de controlo 20240813121826.0
010 ## - Número internacional normalizado dos livros (ISBN)
Número (ISBN) 9722709291
021 ## - Número do Depósito Legal
Código do país PT
Número 129659/98
100 ## - Dados gerais de processamento
Dados gerais de processamento 19990723d1998 m y0pory5003 ba
102 ## - Pais de publicação ou produção
País de publicação Portugal
101 1# - Língua de publicação
Língua do texto, banda sonora, etc. Português
-- Inglês
106 ## - Campo de dados codificados: material textual
Dados codificados do material textual r
105 ## - Campo de dados codificados: livros
Dados codificados dos livros a z 001yy
215 ## - Descrição física 
Indicação específica da natureza do documento e extensão da espécie 103, [9] p.
Outras indicações físicas il.
Dimensões 21 cm
200 1# - Titulo e menção de responsabilidade
Título próprio A primeira viagem à Índia pela rota do Cabo
Título paralelo The first voyage to India by the Cape route
Primeira menção de responsabilidade Maria Augusta Lima Cruz
Outras menções de responsabilidade trad. Reginald A. Brown
210 ## - Publicação, Distribuição, etc. 
Lugar da edição, distribuição, etc. Lisboa
Nome do editor, distribuidor, etc. Impr. Nac.-Casa da Moeda
Data da publicação, distribuição, etc. 1998
305 ## - Notas relativas à edição e história bibliográfica da publicação 
Texto da nota Ed. bilingue em português e inglês
510 1# - Título paralelo
Título paralelo <The >first voyage to India by the Cape route
Language of Title eng
606 ## - Nome comum usado como assunto
Número de registo de entrada de autoridade 0001563
Código do sistema SIPOR
675 ## - Classificação Decimal Universal (CDU)
Notação 910.4(540)"1497/1499"
Edição BN
Língua da edição por
Notação 94(469)"1497/1499"
Edição BN
Língua da edição por
702 #1 - Nome de autor-pessoa física (responsabilidade secundária)
Número de registo de entrada de autoridade 0001561
Palavra de ordem Brown
Outra parte do nome não tomada para palavra de ordem Reginald Albert
Código de função Tradutor
700 #1 - Nome de autor-pessoa física (responsabilidade principal)
Número de registo de entrada de autoridade 0000747
Palavra de ordem Cruz
Outra parte do nome não tomada para palavra de ordem Maria Augusta Lima
Datas 1944-
942 ## - Elementos de entrada adicionados (Koha)
Tipo de item no Koha Livro
Exemplares
Situação do levantamento Origin of item (home branch) (coded) Biblioteca de empréstimo Código de barras Cota Circulation type (not for loan) Tipo de documento Nota do exemplar Damaged status
  Biblioteca Escolar Eng. Nuno Mergulhão Biblioteca Escolar Eng. Nuno Mergulhão BENM997 9PT CRU   Livro Sem mensagem  
  Biblioteca Escolar Eng. Nuno Mergulhão Biblioteca Escolar Eng. Nuno Mergulhão BENM998 9PT CRU   Livro Sem mensagem  
  Biblioteca Escolar Eng. Nuno Mergulhão Biblioteca Escolar Eng. Nuno Mergulhão BENM999 9PT CRU   Livro Sem mensagem  
  Biblioteca Escolar Eng. Nuno Mergulhão Biblioteca Escolar Eng. Nuno Mergulhão BENM2080 9PT CRU   Livro Sem mensagem  
  Biblioteca Escolar Eng. Nuno Mergulhão Biblioteca Escolar Eng. Nuno Mergulhão BENM2081 9PT CRU   Livro Sem mensagem